Písně československo-sovětského přátelství

Hlavní autor: Kučera, Ctirad, 1931-2009
Jazyk: Čeština
Vydáno: Praha : Svět sovětů, 1962
Vydání: 1. vyd.
Edice: Poznáváme Sovětský svaz
Témata:
Fyzický popis: 61 s.
Hudebniny Hudebniny
Uloženo v:
LEADER 01046ncm a2200265 a 4500
001 000586237
003 CZ BrMZK
005 20100915103645.0
007 qu
008 010825s1962 xr f cze d
040 |a BOA001  |b cze 
072 7 |a 784  |x Vokální hudba  |2 Konspekt  |9 9 
100 1 |a Kučera, Ctirad,  |d 1931-2009  |7 jk01070504  |4 com 
245 1 0 |a Písně československo-sovětského přátelství  |h [hudebnina] /  |c sestavil Ctirad Kučera a pracovníci redakce Československého rozhlasu v Praze 
250 |a 1. vyd. 
260 |a Praha :  |b Svět sovětů,  |c 1962 
300 |a 61 s. 
490 1 |a Poznáváme Sovětský svaz 
500 |a Jednohlasý zpěvník 
830 0 |a Poznáváme Sovětský svaz 
910 |a BOA001  |b PK-0031.527  |b Mus2-0485.848 
964 |a Přátelství československo-sovětské - písně 
990 |a MU 
996 7 |b 2619437213  |c Mus2-0485.848  |l MZK  |r Sklad / do 1 hodiny  |n 0  |w 000586237  |u 000020  |a 1  |e BOA001  |j MZK50  |s A 
996 7 |b 3119656955  |c PK-0031.527  |l MZK  |r Sklad / do 1 hodiny  |n 1  |w 000586237  |u 000010  |a 1  |e BOA001  |j MZK50  |s A